[Event "Hong Kong Summer op"]
[Site "Hong Kong"]
[Date "2016.07.28"]
[Round "4"]
[White "Zeng, Yu"]
[Black "Mahadevan, Aravind"]
[Result "1/2-1/2"]
[WhiteElo "1162"]
[BlackElo "1391"]
[PlyCount "105"]
[EventDate "2016.07.04"]
[EventType "swiss"]
[EventRounds "5"]
[EventCountry "HKG"]
[SourceTitle "EXT 2017"]
[Source "ChessBase"]
[SourceDate "2016.10.25"]
[SourceVersion "1"]
[SourceVersionDate "2016.10.25"]
[SourceQuality "1"]

1. e4 e5 2. Nf3 Nc6 3. d4 exd4 4. Nxd4 Bc5 5. Nxc6 bxc6 6. Nc3 Ne7 7. Bc4 0-0 8. 0-0 h6 9. Na4 Bb6 10. Qh5 d5 11. Rd1 Be6 12. Bd3 Qc8 13. Be2 dxe4 14. Qh4 Ng6 15. Qxe4 Bd5 16. Qg4 Qxg4 17. Bxg4 Nh4 18. Bh3 Rfe8 19. b3 Re2 20. Nxb6 cxb6 21. c4 Be6 22. Bxe6 Rxe6 23. a4 Rae8 24. Bb2 Re2 25. Bc3 Rc2 26. Rd3 Ree2 27. Rf1 Ng6 28. a5 Nf4 29. Rd8+ Kh7 30. Ba1 Red2 31. Rxd2 Rxd2 32. g3 Ne2+ 33. Kg2 Nd4 34. Bxd4 Rxd4 35. Re1 Rd7 36. axb6 axb6 37. b4 Rd4 38. Rc1 Kg6 39. Kf3 Rd3+ 40. Ke4 Rb3 41. Rd1 Rxb4 42. Rd6+ f6 43. Rxc6 b5 44. Kd3 Rxc4 45. Rxc4 bxc4+ 46. Kxc4 Kf5 47. Kd5 Kg4 48. Ke6 Kf3 49. Kf7 Kxf2 50. Kxg7 Kg2 51. Kxf6 Kxh2 52. Kg6 Kxg3 53. Kxh6 1/2-1/2

[Event "Hong Kong-ch prel"]
[Site "Hong Kong"]
[Date "2016.03.14"]
[Round "10"]
[White "Ho, Nok Hang Jonathan"]
[Black "Mahadevan, Aravind"]
[Result "1-0"]
[WhiteElo "1494"]
[BlackElo "1437"]
[PlyCount "83"]
[EventDate "2016.01.04"]
[EventType "swiss"]
[EventRounds "11"]
[EventCountry "HKG"]
[SourceTitle "EXT 2017"]
[Source "ChessBase"]
[SourceDate "2016.10.25"]
[SourceVersion "1"]
[SourceVersionDate "2016.10.25"]
[SourceQuality "1"]

1. e4 e5 2. Nf3 Nc6 3. Bb5 a6 4. Ba4 Nf6 5. 0-0 Be7 6. Re1 b5 7. Bb3 d6 8. c3 0-0 9. h3 Na5 10. Bc2 c5 11. d4 cxd4 12. cxd4 Qc7 13. Nc3 Re8 14. Ne2 Bf8 15. d5 Bd7 16. Bg5 Rac8 17. Rc1 Qb8 18. Qd3 h6 19. Bh4 Nb7 20. b4 Rc4 21. Bxf6 gxf6 22. a3 Rec8 23. Bb3 Rxc1 24. Rxc1 Rxc1+ 25. Nxc1 Qc7 26. Qc2 Qxc2 27. Bxc2 h5 28. Nh4 Kh7 29. Ne2 Kh6 30. Ng3 Kg5 31. Ngf5 Bxf5 32. Nxf5 Kg6 33. g3 Bh6 34. Nxh6 Kxh6 35. f4 exf4 36. gxf4 f5 37. exf5 f6 38. a4 bxa4 39. Bxa4 a5 40. b5 Nc5 41. b6 Na6 42. Kf2 1-0

[Event "Hong Kong-ch prel"]
[Site "Hong Kong"]
[Date "2016.01.25"]
[Round "4"]
[White "Au, Matthew"]
[Black "Mahadevan, Aravind"]
[Result "1-0"]
[WhiteElo "1618"]
[BlackElo "1437"]
[PlyCount "103"]
[EventDate "2016.01.04"]
[EventType "swiss"]
[EventRounds "11"]
[EventCountry "HKG"]
[SourceTitle "EXT 2017"]
[Source "ChessBase"]
[SourceDate "2016.10.25"]
[SourceVersion "1"]
[SourceVersionDate "2016.10.25"]
[SourceQuality "1"]

1. e3 e5 2. c3 d5 3. Bd3 Nf6 4. Bc2 Be7 5. d3 0-0 6. Ne2 Bg4 7. Nd2 Nbd7 8. 0-0 c5 9. f3 Be6 10. f4 exf4 11. Nxf4 Qb6 12. h3 d4 13. Nf3 dxc3 14. bxc3 Nd5 15. Nxd5 Bxd5 16. e4 Bc6 17. d4 cxd4 18. cxd4 Nf6 19. Rb1 Qc7 20. d5 Rad8 21. Qe1 Bd7 22. Bb3 Bb5 23. Rf2 Bd3 24. Rbb2 Nxe4 25. Be3 Nxf2 26. Qxf2 a6 27. Ne1 Be4 28. Bb6 Qc3 29. Re2 Rc8 30. Rxe4 Bc5 31. Bxc5 Qxc5 32. Rd4 Rfe8 33. Nd3 Qe7 34. d6 Qd7 35. Bxf7+ Qxf7 36. Qxf7+ Kxf7 37. d7 Rcd8 38. dxe8Q+ Rxe8 39. Rd7+ Re7 40. Rxe7+ Kxe7 41. Nc5 Kd6 42. Nxb7+ Kc6 43. Na5+ Kb5 44. Nb3 Kb4 45. Kf2 Kc3 46. Ke3 Kb2 47. Nc5 a5 48. a4 Ka3 49. Kd4 Kb4 50. g4 g5 51. Kd5 h6 52. Kd4 1-0

[Event "Hong Kong op"]
[Site "Hong Kong"]
[Date "2015.10.03"]
[Round "5"]
[White "Mahadevan, Aravind"]
[Black "Wolfaardt, Francois"]
[Result "0-1"]
[WhiteElo "1454"]
[BlackElo "1722"]
[PlyCount "196"]
[EventDate "2015.10.01"]
[EventType "swiss"]
[EventRounds "9"]
[EventCountry "HKG"]
[SourceTitle "CBM 168 Extra"]
[Source "ChessBase"]
[SourceDate "2015.10.29"]
[SourceVersion "1"]
[SourceVersionDate "2015.10.29"]
[SourceQuality "1"]

1. e4 g6 2. d4 Bg7 3. Nf3 Nf6 4. Nc3 0-0 5. Be2 b6 6. e5 Ne8 7. 0-0 d6 8. exd6 Nxd6 9. Bd3 Bb7 10. Nb5 Nc6 11. Nxd6 Qxd6 12. c3 Rad8 13. Be3 e5 14. Be4 exd4 15. Nxd4 Qf6 16. Qf3 Qxf3 17. Bxf3 Nxd4 18. Bxb7 Nc2 19. Rad1 Nxe3 20. fxe3 Bh6 21. Kf2 f5 22. Ke2 Rfe8 23. Rxd8 Rxd8 24. Rd1 Rxd1 25. Kxd1 Bxe3 26. Kc2 Kf7 27. Kd3 Bf4 28. h3 a5 29. b3 Kf6 30. Bf3 Bd6 31. Bc6 Ba3 32. Bf3 Ke5 33. Kc4 Kf4 34. Kd3 g5 35. c4 g4 36. hxg4 fxg4 37. Bc6 Kg3 38. Ke2 h5 39. Kf1 h4 40. Bd5 h3 41. gxh3 Kxh3 42. Bc6 g3 43. Bd5 Kg4 44. Bc6 Kf4 45. Ke2 Bc5 46. Bd5 Ke5 47. Kd3 Bf2 48. Bc6 Kd6 49. Bf3 Kc5 50. Kc2 Kb4 51. a4 Kc5 52. Kd3 Kd6 53. Ke4 Ke6 54. Bg2 Kf6 55. Kd3 Ke5 56. Bc6 Kf4 57. Bg2 Kg4 58. Ke4 Kg5 59. Ke5 Kg6 60. Ke4 Kf6 61. Kf4 Ke7 62. Ke5 Be1 63. Kd5 Kf6 64. Ke4 Ke6 65. Kd4 Kd6 66. Kd3 Kc5 67. Bf3 Kd6 68. Bg2 Bf2 69. Ke4 c6 70. Bf3 Kc5 71. Kd3 Kb4 72. Kc2 b5 73. axb5 cxb5 74. cxb5 Kxb5 75. Bg2 Kc5 76. Kd3 Kd6 77. Ke4 Ke6 78. Bf3 Kf6 79. Kf4 Ke6 80. Ke4 Kd6 81. Kd3 Kc5 82. Kc2 Kd4 83. Kd2 Be3+ 84. Kc2 Bf4 85. Bg2 Ke3 86. Kc3 Kf2 87. Bb7 g2 88. Bxg2 Kxg2 89. Kc4 Bd2 90. Kb5 Kf3 91. Ka4 Ke4 92. Ka3 Kd3 93. Kb2 Bb4 94. Ka2 Kc3 95. Ka1 Kxb3 96. Kb1 a4 97. Ka1 a3 98. Kb1 a2+ 0-1

[Event "Hong Kong op"]
[Site "Hong Kong"]
[Date "2015.10.01"]
[Round "2"]
[White "Brown, Geoffrey M"]
[Black "Mahadevan, Aravind"]
[Result "1-0"]
[WhiteElo "1719"]
[BlackElo "1454"]
[PlyCount "59"]
[EventDate "2015.10.01"]
[EventType "swiss"]
[EventRounds "9"]
[EventCountry "HKG"]
[SourceTitle "CBM 168 Extra"]
[Source "ChessBase"]
[SourceDate "2015.10.29"]
[SourceVersion "1"]
[SourceVersionDate "2015.10.29"]
[SourceQuality "1"]

1. f4 d5 2. Nf3 Nf6 3. e3 Bf5 4. d3 e6 5. g3 Be7 6. Bg2 0-0 7. 0-0 Nbd7 8. Qe1 c6 9. h3 h6 10. Nbd2 Qb6 11. Nb3 Rac8 12. Bd2 c5 13. g4 Bg6 14. Ba5 Qa6 15. Rd1 b5 16. Bc3 c4 17. Nc1 Bc5 18. Kh1 Rfd8 19. g5 Ne8 20. gxh6 gxh6 21. Ne5 Kh7 22. e4 f5 23. Nxg6 Kxg6 24. exd5 exd5 25. Qg3+ Kh7 26. Bxd5 Nef6 27. Rde1 Re8 28. Rxe8 Rxe8 29. Bf7 Rh8 30. Qg6# 1-0

[Event "Hong Kong Summer op"]
[Site "Hong Kong"]
[Date "2015.07.27"]
[Round "7"]
[White "Mahadevan, Aravind"]
[Black "Chan, Lok Yee Lewis"]
[Result "0-1"]
[WhiteElo "1462"]
[BlackElo "1679"]
[PlyCount "90"]
[EventDate "2015.06.22"]
[EventType "swiss"]
[EventRounds "9"]
[EventCountry "HKG"]
[SourceTitle "EXT 2016"]
[Source "ChessBase"]
[SourceDate "2015.10.08"]
[SourceVersion "1"]
[SourceVersionDate "2015.10.08"]
[SourceQuality "1"]

1. e4 c5 2. Nc3 Nc6 3. Bb5 g6 4. Bxc6 bxc6 5. d3 Bg7 6. Be3 Rb8 7. Nge2 Rxb2 8. Qc1 Rb7 9. 0-0 d6 10. Qd2 Nf6 11. h3 0-0 12. Bg5 Qc7 13. Bh6 d5 14. Bxg7 Kxg7 15. Na4 Qd6 16. Qc3 d4 17. Qxc5 Rb5 18. Qxa7 Nd7 19. Rab1 Rxb1 20. Rxb1 e5 21. Rb3 c5 22. Nb6 Nxb6 23. Rxb6 Qd8 24. f4 Qh4 25. Rb1 exf4 26. Qxc5 f3 27. Qe5+ Kg8 28. Qf4 Qxf4 29. Nxf4 fxg2 30. Kxg2 Re8 31. Kg3 f5 32. Rb8 g5 33. Nd5 f4+ 34. Kf3 Bg4+ 35. hxg4 Rxb8 36. c3 dxc3 37. Nxc3 Rb2 38. d4 Rd2 39. Ne2 Rxa2 40. d5 Ra3+ 41. Kf2 Re3 42. Nxf4 gxf4 43. d6 Kf7 44. e5 Ke6 45. g5 Kxe5 0-1

[Event "Hong Kong Summer op"]
[Site "Hong Kong"]
[Date "2015.07.13"]
[Round "5"]
[White "Garceran Wang, Mei Jing"]
[Black "Mahadevan, Aravind"]
[Result "0-1"]
[WhiteElo "1027"]
[BlackElo "1462"]
[PlyCount "36"]
[EventDate "2015.06.22"]
[EventType "swiss"]
[EventRounds "9"]
[EventCountry "HKG"]
[SourceTitle "EXT 2016"]
[Source "ChessBase"]
[SourceDate "2015.10.08"]
[SourceVersion "1"]
[SourceVersionDate "2015.10.08"]
[SourceQuality "1"]

1. d4 d5 2. Nc3 Nf6 3. Bg5 c5 4. e3 Nc6 5. Bb5 e6 6. Nf3 a6 7. Bxc6+ bxc6 8. Ne5 Bb7 9. Qd2 Be7 10. 0-0-0 0-0 11. Rdg1 c4 12. h4 h6 13. Bf4 Qa5 14. g4 Bb4 15. g5 Ne4 16. Qe2 Bxc3 17. bxc3 Qxa2 18. gxh6 Qa1# 0-1

[Event "Hong Kong-ch prel"]
[Site "Hong Kong"]
[Date "2015.01.19"]
[Round "3"]
[White "Mahadevan, Aravind"]
[Black "Cheung, Tuen"]
[Result "1/2-1/2"]
[WhiteElo "1484"]
[BlackElo "1282"]
[PlyCount "60"]
[EventDate "2015.01.05"]
[EventType "swiss"]
[EventRounds "9"]
[EventCountry "HKG"]
[SourceTitle "EXT 2016"]
[Source "ChessBase"]
[SourceDate "2015.10.08"]
[SourceVersion "1"]
[SourceVersionDate "2015.10.08"]
[SourceQuality "1"]

1. e4 e5 2. Nf3 Nc6 3. Bc4 Bc5 4. c3 Nf6 5. d4 exd4 6. cxd4 Bb4+ 7. Bd2 Nxe4 8. Bxb4 Nxb4 9. Bxf7+ Kxf7 10. Qb3+ d5 11. Qxb4 Re8 12. 0-0 a5 13. Qb3 c6 14. Nc3 Nd6 15. Ne5+ Kg8 16. Rae1 Be6 17. Qc2 Bf5 18. Qc1 Nc4 19. Nxc4 dxc4 20. Qd2 Bd3 21. Rxe8+ Qxe8 22. Re1 Qd7 23. Qe3 Rd8 24. Qe7 b5 25. h3 Qxd4 26. Qe6+ Kf8 27. Qe7+ Kg8 28. Qe6+ Kf8 29. Qe7+ Kg8 30. Qe6+ Kf8 1/2-1/2

[Event "Hong Kong-ch prel"]
[Site "Hong Kong"]
[Date "2015.01.12"]
[Round "2"]
[White "Kao, Kam Tong Christop"]
[Black "Mahadevan, Aravind"]
[Result "1-0"]
[WhiteElo "1400"]
[BlackElo "1484"]
[PlyCount "99"]
[EventDate "2015.01.05"]
[EventType "swiss"]
[EventRounds "9"]
[EventCountry "HKG"]
[SourceTitle "EXT 2016"]
[Source "ChessBase"]
[SourceDate "2015.10.08"]
[SourceVersion "1"]
[SourceVersionDate "2015.10.08"]
[SourceQuality "1"]

1. d4 d5 2. c4 e6 3. e3 Nf6 4. a3 c5 5. Nf3 Nc6 6. Nc3 Be7 7. Bd3 dxc4 8. Bxc4 0-0 9. 0-0 a6 10. d5 exd5 11. Nxd5 Nxd5 12. Bxd5 Qc7 13. h3 Bf6 14. e4 b5 15. Rb1 Bb7 16. Be3 c4 17. b4 Rad8 18. Qc2 Rd7 19. Rfd1 Rfd8 20. Bg5 Bxg5 21. Nxg5 h6 22. Nf3 Bc8 23. Re1 Ne7 24. Rbd1 Nxd5 25. exd5 Rd6 26. Re3 f6 27. Qe4 Qf7 28. Qe7 Qxe7 29. Rxe7 Kf8 30. Rc7 R6d7 31. Rxd7 Rxd7 32. Nh4 Kf7 33. Nf5 h5 34. Kh2 g6 35. Ne3 Rd6 36. f3 Bb7 37. f4 f5 38. h4 Kf6 39. g3 Ke7 40. Kg1 Rd7 41. Kf2 Bxd5 42. Rxd5 Rc7 43. Ke2 c3 44. Rc5 Rxc5 45. bxc5 Kd7 46. Kd3 Kc6 47. Kd4 a5 48. Nc2 a4 49. Nb4+ Kc7 50. Kxc3 1-0